| 000 | 00723nam a2200253Ia 4500 | ||
|---|---|---|---|
| 003 | OSt | ||
| 005 | 20221006140955.0 | ||
| 006 | a|||||r|||| 00| 0 | ||
| 007 | ta | ||
| 008 | 221006b |||||||| |||| 00| 0 eng d | ||
| 024 | _a1,100 | ||
| 037 |
_bGift, PRC _cTextual |
||
| 040 |
_aEASL _cEASL _beng |
||
| 041 |
_2eng _aeng |
||
| 082 | _aP41, BN8.1. | ||
| 100 |
_aKECHENG JIAOCAL YAN JIUSUO _9643869 |
||
| 245 | 0 | _aBiao zhun zhong wen Vol.1 (3 Parts) | |
| 260 |
_aBeijing _bRenmin Jiaoyu Chubonshe _c1998 |
||
| 300 |
_a45+45+60p. _ccm. |
||
| 490 | _v Vol.1 Pt 1(B) CL | ||
| 650 |
_aCL _9642733 |
||
| 942 |
_hP41, BN8.1. _cTEXL _2CC |
||
| 999 |
_c1069186 _d1069186 |
||